00900nam a2200217 a 450000500170000000800410001704000270005804100080008504400070009308200200010010000230012024500800014326002060022330000520042965000190048165000180050065000300051865000420054865000220059066200700061220160304020002.0140307b2002 ck ab gr|||| 00| 0 spa d aCO-BoIAVH cCO-BoIAVH  aspa ack 4a598.09861bV83a1 aVisinoni, Andrés1 aAves Parque Nacional Natural Tayronablas 100 especies más sobresalientes aSanta MartabMinambientebDelegación de la Comisión Europea para Colombia y Ecuador,Desarrollo Sostenible de la Sierra Nevada de Santa MartabAgencia Colombiana de Cooperación Internacionalc2002 a106 paginas.bIlustraciones, Mapas;c21 x 14 cm 4aFaunazTayrona 4aAveszTayrona 4aAreas protegidasyTayrona 4aParques nacionales naturaleszTayrona 4aManuales de campo aColombiacParque Nacional Natural TayronadSanta MartabMagdalena